Представление документа в формате RUSMARC

ПолеНазваниеЗначение
  Тип записи a
  Библиографический уровень m
001 Контрольный номер UONB/MAIN/9534c0d1937c440b9d3704935c1538f4
005 Дата корректировки 20240131010240.7
010 Индекс ISBN __
d Цена 80 к.
9 Тираж 1000 экз.
100 Данные общей обработки __
a Данные общей обработки 20230118d1966 u y0rusy0189 ca
101 Язык документа 0_
a Язык текста rus
102 Страна публикации __
a Страна публикации RU
105 Кодированные данные (монография) __
a Кодированные данные (монография) a z 001yy
200 Заглавие и сведения об ответственности 1_
a Заглавие Приложения теплофизики в литейном производстве
f Первые сведения об ответственности ред. А.И. Вейник
e Сведения, относящиеся к заглавию материалы конференции
203 Вид содержания и тип средства __
a Вид содержания Текст
b Характеристика содержания визуальный
c Тип средства непосредственный
210 Выходные данные 1_
a Место издания Минск
c Издательство Вышэйшая школа
d Дата издания 1966
215 Физическое описание __
a Объем 228 с.
c Иллюстрации/тип воспроизводства ил., черт.
d Формат 21 см
320 Библиография __
a Библиография Библиогр. в конце докл.
606 Тематические рубрики 0_
a Основная рубрика Литейное производство
x Основная подрубрика Тепловые процессы
j Формальный подзаголовок Сборники
610 Ключевые слова 0_
a Ключевые слова литейное производство; тепловые процессы; теплофизика
675 Индекс УДК __
a Индекс УДК 6С1.35
686 Индексы других классификаций __
2 Код системы rubbk
a Классификационный индекс 34
702 Вторичная интеллектуальная ответственность _1
a Фамилия Вейник
b Имя (инициалы) А.И.
4 Код отношения 340
g Полное личное имя Альберт Иозефович
801 Источник записи _0
a Страна RU
b Организация Ульяновская ОНБ
c Дата составления 20230118
g Правила каталогизации RCR
801 Источник записи _1
a Страна RU
b Организация Ульяновская ОНБ
c Дата составления 20230118
g Правила каталогизации RCR
901 Тип документа __
t Тип документа m
909 Создатель записи __
a Создатель записи Полина
b Дата создания записи 20230118